00293 a2200133 450000100060000002000150000604000220002110000200004324000310006324500260009430000070012036200090012765000230013657155 a8508089570 cAnchieta - Pituba aBrezina, Thomas10aBoazinha? nem pensar!lpor10aBoazinha? nem pensar! a860 a2003 4aLiteratura juvenil